000 00319nam a2200121 a 4500
005 20140414131920.0
008 101022s19uu xx 00 eng d
050 _aER
_bP93 1993
245 _aThe princess and the pea.
260 _aLeicestershire, UK :
_bLadybird,
_c1993.
440 _aFavourite tales
999 _c111694
_d111694